000 00596nam a2200193Ia 4500
003 GCL
008 140319s9999 xx 000 0 ara d
040 _aGCL /
_cGCL
082 0 4 _a811.1
_bم ش
100 1 _aمحمد عبدالرحيم
245 1 0 _aشرح ديوان امرئ القيس /
_cمحمد عبدالرحيم
300 _a151 ص
490 _aسلسلة شعراء العرب
_v0
650 0 4 _aالادب العربى
650 0 4 _aالشعر الجاهلى
650 0 4 _aالشعر العربى - دواوين وقصائد
650 0 4 _aامرؤ القيس
942 _2ddc
_cBK
999 _c49091
_d49091